| 000 | 00790nam a22002057a 4500 | ||
|---|---|---|---|
| 999 |
_c16239 _d16239 |
||
| 003 | AR-CdUCM | ||
| 008 | 190502b ||||| |||| 00| 0 spa d | ||
| 040 |
_aMUNICIPALIDAD PROVINCIAL DEL CUSCO _cBIBLIOTECA MUNICIPAL DEL CUSCO |
||
| 082 |
_a985 / _bM26 |
||
| 100 |
_aMartorell Carreño, Alberto _935570 |
||
| 245 |
_aPatrimonio cultural : _bProtegiendo las raíces de nuestra historia / |
||
| 260 |
_aLima : _bBiblioteca nacional del Perú, _c1994. |
||
| 300 |
_a323 paginas ; _bIlustraciones, graficos, dibujos, _c23 cm. |
||
| 500 | _aHistoria y literatura del Perú | ||
| 505 | _aContenido: Conceptos basico -- cultura -- identidad -- patrimonio -- patrimonio cultural... | ||
| 650 |
_aPatrimonio _95523 |
||
| 650 |
_aHistoria _9136 |
||
| 942 |
_2ddc _cLIBROS |
||
| 945 |
_apjha _d2019-05-02 |
||